000 00749nam a2200205 4500
001 6594
090 0 0 _aPOL.SCI CAP No.60
245 0 0 _aAltering matrimonial processes in the Lhotsampa communities /
_b
_cTshering Yangzom.
_h
260 0 0 _a[Thimphu] :
_b[Royal Thimphu College],
_c2017.
300 0 0 _a22 leaves ; 30 cm.
500 _aRecommended.
500 _aRecommended.
504 _aIncludes Bibliography and References.
520 _aSpiral-bound xerographic copy.
520 _aStudent research project for BA, Political Science(Capstone Project):(2017).
650 _aLhotsampas --
_v
_x
_y
_zBhutan.
_2
650 _aMarriage --
_v
_x
_y
_zBhutan.
_2
650 _aMarriage customs and rites --
_v
_x
_y
_zBhutan.
_2
650 0 0 _aCapstone Project.
_x
999 _c5547
_d5547